000 00489nam a2200169 i 4500
001 50156
003 ES-MaACL
005 20230906162131.0
007 t|
008 030731s1910 sp ||||1| spa d
245 0 0 _aCrónica artillera de la campaña de Melila de 1909.
260 _aMadrid :
_b[s.n.],
_c1910 (
_fEduardo Arias)
300 _a2 v. :
_blám., map. ;
_c26 cm.
500 _aEl v. 2 es el Atlas.
650 4 _aGuerra de Melilla, 1909.
_913193
852 _aES-MaACL
_jC-1509-10
999 _c50156
_d50156